| 000 | 00841cam a2200253 a 4500 | ||
|---|---|---|---|
| 001 | 1613705 | ||
| 003 | OSt | ||
| 005 | 20180126094559.0 | ||
| 008 | 950206s1995 nyua f 001 0 eng | ||
| 010 | _a 95001234 | ||
| 020 | _a1901289079 | ||
| 040 |
_aDLC _cDLC _dDLC |
||
| 050 | 0 | 0 |
_a747 _b.W155 1995 |
| 082 | 0 | 0 |
_a747 WAL _220 |
| 100 | 1 | _aWalton, Stewart. | |
| 245 | 1 | 4 |
_aThe complete home decorator : _cStewart Walton. |
| 260 |
_aNew York : _bRizzoli, _c1997. |
||
| 300 |
_a256 p. : _bill. (some col.) ; _c27 cm. |
||
| 500 | _aIncludes index. | ||
| 650 | 0 |
_aInterior decoration _xHandbooks, manuals, etc. |
|
| 906 |
_a7 _bcbc _corignew _d1 _eocip _f19 _gy-gencatlg |
||
| 942 |
_2ddc _cBK |
||
| 999 |
_c41062 _d41062 |
||